书目信息 |
| 题名: |
基于GIS的井下最优避险路线的数学建模与实现
|
|
| 作者: | 汪金花 , 朱令起 , 张永彬 , 张亚静 著 | |
| 分册: | ||
| 出版信息: | 北京 测绘出版社 2014.11 |
|
| 页数: | 149页 | |
| 开本: | 25cm | |
| 丛书名: | ||
| 单 册: | ||
| 中图分类: | TD7-39 | |
| 科图分类: | ||
| 主题词: | 地理信息系统--di li xin xi xi tong--应用--煤矿开采--井下作业--安全模式--数学模型 | |
| 电子资源: | ||
| ISBN: | 978-7-5030-3514-2 | |
| 000 | 01390nam0 2200301 450 | |
| 001 | 96446 | |
| 005 | 20250912190118.30 | |
| 010 | @a978-7-5030-3514-2@dCNY34.00 | |
| 100 | @a20150327d2014 em y0chiy50 ea | |
| 101 | 0 | @achi |
| 102 | @aCN@b110000 | |
| 105 | @aak a 000yy | |
| 106 | @ar | |
| 200 | 1 | @a基于GIS的井下最优避险路线的数学建模与实现@Aji yu GISde jing xia zui you bi xian lu xian de shu xue jian mo yu shi xian@d= The mathematical modeling of underground emergency rescue optimal path based on GIS@f汪金花 ... [等] 著@zeng |
| 210 | @a北京@c测绘出版社@d2014.11 | |
| 215 | @a149页@c图@d25cm | |
| 304 | @a题名页题其余责任者: 朱令起, 张永彬, 张亚静 | |
| 320 | @a有书目 (第142-143页) | |
| 330 | @a本书共两部分, 第一部分量化了灾害避险路径的安全性和通行性效率的指标, 提出了井下最优避险路径UPOP数学模型, 并在水灾、火灾、冒顶等井下灾害下进行了路径仿真解算。第二部分叙述了井下紧急避险二维、三维表达方法和三维网络分析模型等。 | |
| 510 | 1 | @aMathematical modeling of underground emergency rescue optimal path based on GIS@zeng |
| 606 | 0 | @a地理信息系统@Adi li xin xi xi tong@x应用@x煤矿开采@x井下作业@x安全模式@x数学模型 |
| 690 | @aTD7-39@v5 | |
| 701 | 0 | @a汪金花@Awang jin hua@4著 |
| 701 | 0 | @a朱令起@Azhu ling qi@4著 |
| 701 | 0 | @a张永彬@Azhang yong bin@4著 |
| 701 | 0 | @a张亚静@Azhang ya jing@4著 |
| 801 | 0 | @aCN@c20250909 |
| 905 | @a河南城建学院图书馆@dTD7-39@eW060 | |
| 基于GIS的井下最优避险路线的数学建模与实现= The mathematical modeling of underground emergency rescue optimal path based on GIS/汪金花 ... [等] 著.-北京:测绘出版社,2014.11 |
| 149页:图;25cm |
| ISBN 978-7-5030-3514-2:CNY34.00 |
| 本书共两部分, 第一部分量化了灾害避险路径的安全性和通行性效率的指标, 提出了井下最优避险路径UPOP数学模型, 并在水灾、火灾、冒顶等井下灾害下进行了路径仿真解算。第二部分叙述了井下紧急避险二维、三维表达方法和三维网络分析模型等。 |
| ● |
| 相关链接 |
|
|
|
正题名:基于GIS的井下最优避险路线的数学建模与实
索取号:TD7-39/W060
 
预约/预借
| 序号 | 登录号 | 条形码 | 馆藏地/架位号 | 状态 | 备注 |
| 1 | 1630957 | 216309572 | 自科库501/501自科库 21排2列4层/ [索取号:TD7-39/W060] | 在馆 |